|
|
|
|
| LEADER |
00000cam a2200000 a 4500 |
| 001 |
vtls001064454 |
| 003 |
SK-MaSNL |
| 005 |
20260301232707.0 |
| 008 |
240226s1990 xo l frnp 000 0 slo |
| 015 |
|
|
|a SNBA1990/02
|
| 020 |
|
|
|a 8085162059
|q (brožované)
|
| 035 |
|
|
|a SNK000007283
|
| 035 |
|
|
|a urn:nbn:sk:snk-amlgoe
|
| 035 |
|
|
|a urn:nbn:sk:snk-am00bpao
|
| 035 |
|
|
|a C3B2B603-E599-4AA9-B25E-A5E891DA63B5
|
| 040 |
|
|
|a SNK
|b slo
|c SNK
|e AACR2
|
| 041 |
0 |
|
|a slo
|
| 044 |
|
|
|a xo
|c SK
|
| 072 |
|
7 |
|a 78.01
|x Muzikológia. Dejiny hudby
|2 konspekt
|
| 072 |
|
7 |
|a 37.016
|x Učebné osnovy. Vyučovacie predmety. Učebnice
|2 konspekt
|
| 072 |
|
7 |
|a 78
|x Hudba
|2 konspekt
|
| 080 |
|
|
|a 78.01
|2 2011
|
| 080 |
|
|
|a (075.8)
|2 2011
|
| 080 |
|
|
|a 78:159.93
|2 2011
|
| 100 |
1 |
|
|a Michalová, Eva,
|d 1939-
|4 aut
|9 111068
|
| 245 |
1 |
0 |
|a Hudobná estetika
|c Eva Michalová
|
| 250 |
|
|
|a 1. vyd.
|
| 260 |
|
|
|a V Banskej Bystrici
|b Pedagogická fakulta
|c 1990
|
| 300 |
|
|
|a 74 strán
|b schémy
|c 30 cm
|
| 366 |
|
|
|e 200 kusov
|
| 500 |
|
|
|a Vydala Pedagogická fakulta v Banskej Bystrici, Katedra hudobnej výchovy
|
| 500 |
|
|
|a Obsahuje 12 kapitol
|
| 504 |
|
|
|a Bibliografia na strane 74-75. Obsahuje bibliografické odkazy
|
| 650 |
0 |
7 |
|a hudobná estetika
|2 SNKPH
|9 1752
|
| 650 |
0 |
7 |
|a vnímanie hudby
|2 SNKPH
|9 71068
|
| 655 |
|
7 |
|a učebnice vysokých škôl
|2 SNKPH
|9 70191
|
| 710 |
2 |
|
|a Pedagogická fakulta v Banskej Bystrici.
|b Katedra hudobnej výchovy
|4 pbl
|9 228592
|
| 740 |
0 |
2 |
|a Hudobná estetika, jej predmet, úlohy a vzťah k iným vedám
|
| 740 |
0 |
2 |
|a Funkcia umenia - funkcia hudby
|
| 740 |
0 |
2 |
|a Základné estetické kategórie
|
| 740 |
0 |
2 |
|a Estetické vnímanie hudby
|
| 740 |
0 |
2 |
|a Vyjadrovacie prostriedky hudby
|
| 740 |
0 |
2 |
|a Hudobná sémantika, hudobná semiotika
|
| 740 |
0 |
2 |
|a Proces umeleckej tvorby
|
| 740 |
0 |
2 |
|a Štýlotvorné prvky umelckej tvorby
|
| 740 |
0 |
2 |
|a Interpretácia hudobného diela
|
| 740 |
0 |
2 |
|a Kritériá umeleckých hodnôt
|
| 740 |
0 |
2 |
|a Umelecký realizmus
|
| 740 |
0 |
2 |
|a Vývin hudobno-estetických názorov
|
| 752 |
|
|
|a Slovensko
|d Banská Bystrica
|
| 852 |
|
|
|a Slovenská národná knižnica
|
| 919 |
|
|
|a 80-85162-05-9
|
| 954 |
|
|
|a odborná, vedecká literatúra pôvodná (slovenská)
|2 lita
|
| 958 |
|
|
|a RK
|
| 958 |
|
|
|a TL
|
| 958 |
|
|
|a NB
|
| 958 |
|
|
|a OND
|
| 958 |
|
|
|a UV
|
| 999 |
|
|
|c 962361
|d 964291
|
| 952 |
|
|
|a SNK
|b SNK
|y VYP
|7 0
|p 17A0051504
|o snkSB 47886 D1
|0 0
|1 0
|4 0
|d 1997-03-03
|l 0
|r 2004-12-31 00:00:00
|w 2026-02-24
|
| 952 |
|
|
|a SNK
|b SNK
|y VYP
|7 0
|p 17A0353285
|o snkSB 47886 D2
|i snkKSP 9744/2002
|0 0
|1 0
|4 0
|d 2002-08-13
|l 0
|r 2004-12-31 00:00:00
|w 2026-02-24
|
| 952 |
|
|
|a SNK
|b SNK
|y PREZ
|7 0
|p 17A0807316
|o snkSB 47886
|i snkKSP 2703/91
|0 0
|1 0
|4 0
|d 2012-07-10
|f 1
|l 0
|r 2025-02-13 00:00:00
|w 2026-02-24
|